| 000 | 00462nam a22001457a 4500 | ||
|---|---|---|---|
| 008 | 160323b xxu||||| |||| 00| 0 eng d | ||
| 020 | _a0-86287-890-X | ||
| 050 | _aPN2598.I7I71 | ||
| 100 |
_aIrving, Laurence Henrey Forster _923382 |
||
| 245 |
_aHenry Irving _b: the actor and his world _c/ Laurence Henry Forster Irving |
||
| 260 |
_aLondon _bColumbus Books _c1989 |
||
| 300 |
_axix, 734p. ; _c22cm. |
||
| 650 |
_aIrving, Henry _923383 |
||
| 942 |
_2lcc _cMONOGRAPH |
||
| 999 |
_c124483 _d124483 |
||